000 00962nam a2200277Ia 4500
003 OSt
005 20220918170506.0
006 a|||||r|||| 00| 0
007 ta
008 220917b |||||||| |||| 00| 0 eng d
020 _a9780253354228 (hbk)
_c2972.59
024 _a242,357
037 _b5730, 15/06/2010, Efficient Book Distributors
_cTextual
040 _aARTS
_cARTS
_beng
041 _2eng
_aeng
082 _aV63:6.N64-M82, L2.6(906)
100 _aGerhart Gail M.
_929360
245 0 _aFrom protest to challenge
_b A documentary history of African politics in South Africa, 1882-1990
260 _aBloomington
_bIndiana University Press
_c2010
300 _axxxiv,778p.
_ccm.
490 _vVol.-6
650 _aHISTORY
700 _a Glaser Clive L.
_929361
942 _hV63:6.N64-M82, L2.6(906)
_cTEXL
_2CC
999 _c134378
_d134378